|
|
|
|
| LEADER |
01380nam a2200313 a 4500 |
| 001 |
14901697 |
| 003 |
BD-DhAAL |
| 008 |
091112s2008 caua b 001 0 eng d |
| 010 |
|
|
|a 2007931607
|
| 020 |
|
|
|a 0761970118 (hbk.)
|
| 020 |
|
|
|a 9780761970118 (hbk.)
|
| 020 |
|
|
|a 0761970126 (pbk.)
|
| 020 |
|
|
|a 9780761970125 (pbk.)
|
| 040 |
|
|
|a UKM
|c UKM
|d BAKER
|d BTCTA
|d NLGGC
|d YDXCP
|d BWKUK
|d BWK
|d DLC
|d BD-DhAAL
|
| 082 |
0 |
4 |
|a 658.800151
|2 22
|
| 100 |
1 |
|
|a Hutcheson, Graeme.
|9 58580
|
| 245 |
1 |
0 |
|a Statistical modeling for management /
|c Graeme D. Hutcheson, Luiz Moutinho.
|
| 260 |
|
|
|a London ;
|a Los Angeles :
|b SAGE,
|c 2008.
|
| 300 |
|
|
|a xviii, 235 pages :
|b illustrations ;
|c 25 cm.
|
| 504 |
|
|
|a Includes bibliographical references (p. [223]-230) and index.
|
| 526 |
|
|
|a BBS
|x Requisitioned by Faculties of BBS
Course name and no : N/A
|
| 541 |
1 |
|
|a Karim International
|e 00019545
|
| 650 |
|
0 |
|a Marketing
|x Mathematical models.
|9 58581
|
| 650 |
|
0 |
|a Marketing
|x Statistical methods.
|9 58582
|
| 700 |
1 |
|
|a Moutinho, Luiz.
|9 58583
|
| 852 |
4 |
|
|a Ayesha Abed Library
|j General Shelf.
|
| 942 |
|
|
|2 ddc
|c BK
|
| 999 |
|
|
|c 5478
|d 5478
|
| 952 |
|
|
|0 0
|1 0
|2 ddc
|4 0
|6 658_800151000000000_HUT
|7 0
|9 5351
|a BRACUL
|b BRACUL
|c GEN
|d 2009-11-10
|e Karim International
|g 2390.00
|l 1
|o 658.800151 HUT
|p 3010019545
|r 2014-03-03
|s 2013-11-02
|t 1
|w 2009-11-15
|y BK
|x Requisitioned by Faculties of BBS. Course name and no. "not available".
|